New Brunswick Premiers - Statistics

General Stats
  • This quiz has been taken 9 times
  • The average score is 10 of 41
Answer Stats
Dates Party Affiliation Answer % Correct
2018-2024 Progressive Conservative Blaine Higgs
100%
2024-Present Liberal Susan Holt
100%
2014-2018 Liberal Brian Gallant
88%
1999-2006 Progressive Conservative Bernard Lord
50%
1987-1997 Liberal Frank McKenna
50%
2010-2014 Progressive Conservative David Alward
38%
1960-1970 Liberal Louis Robichaud
38%
2006-2010 Liberal Shawn Graham
38%
1865-1866 Anti-Confederation AJ Smith
25%
1998-1999 Liberal Camille Theriault
25%
1857-1861 (2nd) Non-Partisan Charles Fisher
25%
1854-1856 (1st) Non-Partisan Charles Fisher
25%
1914-1917 Conservative George Clarke
25%
1940-1952 Liberal John McNair
25%
1933-1935 Conservative Leonard Tilley
25%
1970-1987 Progressive Conservative Richard Hatfield
25%
1935-1940 Liberal Allison Dysart
13%
1883-1896 Liberal Andrew Blair
13%
1867-1870 Confederation Andrew Wetmore
13%
1931-1933 Conservative Charles Richards
13%
1907-1908 Liberal Clifford Robinson
13%
1882-1883 Conservative Daniel Hanington
13%
1871-1872 Conservative George Hathaway
13%
1872-1878 (2nd) Conservative George King
13%
1870-1871 (1st) Conservative George King
13%
1897-1900 Liberal Henry Emmerson
13%
1952-1960 Progressive Conservative Hugh Flemming
13%
1911-1914 Conservative James Kidd Flemming
13%
1896-1897 Liberal James Mitchell
13%
1917 Conservative James Murray
13%
1925-1931 Conservative John Baxter
13%
1856-1857 Non-Partisan John Gray
13%
1908-1911 Conservative John Hazen
13%
1878-1882 Conservative John James Fraser
13%
1900-1907 Liberal Lemuel Tweedie
13%
1866-1867 Confederation Peter Mitchell
13%
1923-1925 Liberal Peter Venoit
13%
1997-1998 Liberal Ray Frenette
13%
1861-1865 Non-Partisan Samuel Tilley
13%
1917-1923 Liberal Walter Foster
13%
1907 Liberal William Pugsley
13%
No matching quizzes found
Score Distribution
Percent of People with Each Score
Percentile by Number Answered
Your Score History
You have not taken this quiz